000 01174cam a2200229 4500
001 ABS65354
008 020419n2002 000 0 eng u
035 _a(Sirsi) u117598
100 _aBingham, T
245 _aNo great Sheikhs
260 _c2002
490 _aBuilding
_v267(8215) 15 March 2002, 60-61(2)
520 _aReviews "Solland International Ltd v Daraydan Holdings Ltd" (2002) in which the High Court enforced an adjudicator's award to a builder and refused to offset it against the employer's claim for liquidated damages. Compares it with the decision in "David McLean Housing Contractors Ltd v Swansea Housing Association Ltd" (2002) in which a deduction for liquidated damages was allowed.
590 _aABS
650 _aLIQUIDATED DAMAGES
650 _aDAVID MCLEAN HOUSING CONTRACTORS LTD V SWANSEA HOUSING ASSOCIATION
650 _aSOLLAND INTERNATIONAL LTD V DARAYDAN HOLDINGS LTD
650 _aMANAGEMENT-DISPUTE AVOIDANCE, MANAGEMENT AND RESOLUTION-DISPUTE MANAGEMENT AND RESOLUTION-ALTERNATIVE DISPUTE RESOLUTION-ADJUDICATION
650 _aBUILT ENVIRONMENT-BUILDING CONTRACT FORMS
690 _aDispute resolution
_96236
942 _n0
999 _c70024
_d70024